Countries with the Most Palm Tree Species - Statistics

General Stats
  • This quiz has been taken 102 times
  • The average score is 15 of 19
Answer Stats
# Species Country % Correct
119 Brazil
98%
95 United States
98%
35 India
95%
100 Mexico
95%
222 Colombia
93%
72 Australia
92%
60 Indonesia
92%
33 China
90%
113 Peru
90%
53 Malaysia
85%
38 Cuba
78%
104 Ecuador
77%
58 Panama
77%
68 Costa Rica
72%
101 Papua New Guinea
72%
53 Bolivia
68%
91 Madagascar
48%
32 Singapore
33%
33 Trinidad and Tobago
22%
No matching quizzes found
Score Distribution
Percent of People with Each Score
Percentile by Number Answered
Your Score History
You have not taken this quiz